| 000 | 00898nam a2200217 a 4500 | ||
|---|---|---|---|
| 003 | 0 | ||
| 005 | 20250408085521.0 | ||
| 008 | 970101s19uu xx 00 eng d | ||
| 050 |
_aPGS HN 720.Z9.I58.C45 _b.T114 2004 |
||
| 100 | _aTabora, Erina Joy. | ||
| 245 |
_aChildren's perceptions of the physical and social environment of poverty - stricken Banana island in Intramuros / _cErina Joy Tabora. |
||
| 260 |
_aLas PiƱas City, Philippines : _bSouthville International School and Colleges, _c2004. |
||
| 300 |
_a31 pages : _bcolored illustrations ; _c28 cm. |
||
| 504 | _aIncludes bibliographical references. | ||
| 650 |
_aUrban poor _zPhilippines _vSocial conditions. |
||
| 650 |
_aChild development _vEnvironmental aspects. |
||
| 650 |
_aPoverty _vSocial aspects _zPhilippines. |
||
| 650 | _aEnvironmental psychology in children. | ||
| 650 | _aSelf-perception in children. | ||
| 942 |
_2lcc _cPASS |
||
| 999 |
_c97059 _d97059 |
||